COTW Winners Quiz - Statistics

General Stats
  • This quiz has been taken 5 times
    3 since last reset
  • The average score is 15 of 25
Answer Stats
Answer Wins % Correct
2818 3
100%
BlipDash 5
100%
JHdash77 2
100%
Lapis_Lettuce 8
100%
Lucigoldi 1
100%
sodasoker 12
100%
32Jeelow 3
50%
56faxeo 2
50%
aolt 1
50%
BigBirb 1
50%
BoltDaPotato 1
50%
Calumbas38 1
50%
Demonatic 1
50%
_Hutspot 1
50%
IltisAmor 1
50%
ItzYeZar_ 1
50%
lifenetwork 1
50%
mafi0z0 1
50%
MartinitusxD 2
50%
Onikaizer85 1
50%
PaperYoshii 2
50%
Pigalala 1
50%
purple_toki 1
50%
track_9377 1
50%
Ferrari_F15 1
0%
No matching quizzes found
Score Distribution
Percent of People with Each Score
Percentile by Number Answered
Your Score History
You have not taken this quiz since the last reset